| 000 | 01659nam a22003977a 4500 | ||
|---|---|---|---|
| 003 | CHAP | ||
| 005 | 20220329142619.0 | ||
| 008 | 010926d mx r 00110 spa d | ||
| 010 | _a85653 | ||
| 011 | _a86625 | ||
| 020 | _a9701869354 | ||
| 035 | _a97164 | ||
| 040 | _cCHAP | ||
| 090 | _aFolleto 16428 | ||
| 100 | 0 | 0 |
_aVillavicencio Floriani, Eduardo Antonio. _9119719 |
| 245 | 1 | 0 |
_aManual de irrigación : _bmedición y suplementación del agua de riego _c/por Eduardo Antonio Villavicencio Floriani, David Raúl López Aguilar y Enrique Troyo Diéguez |
| 260 |
_aLa Paz, B.C.S. : _bCentro de Investigaciones Biológicas del Noroeste. Programa de Agricultura en Zonas Aridas, _c2001. |
||
| 300 |
_a31 p. : _bilus. |
||
| 410 | 0 | 0 |
_aCentro de Investigaciones Biológicas del Noroeste. _bPrograma de Agricultura en Zonas Aridas |
| 490 | 0 |
_aPublicación de Transferencia y Divulgación _v; 3 |
|
| 590 |
_aBATCH-UPD _b10 _c20130110 _lUCH01 _h0411 |
||
| 590 |
_aBATCH-UPD _b10 _c20130410 _lUCH01 _h0046 |
||
| 590 |
_aBATCH-UPD _b10 _c20130914 _lUCH01 _h1656 |
||
| 590 |
_aCONVERSION _b10 _c20130109 _lUCH01 _h1348 |
||
| 650 | 1 | 4 |
_aIrrigación. _960366 |
| 650 | 1 | 4 |
_aSistemas de riego. _9106772 |
| 650 | 1 | 4 |
_aSuelos _xHumedad. _9110391 |
| 700 | 0 |
_aLópez Aguilar, David Raúl. _967637 |
|
| 700 | 0 |
_aTroyo Dieguez, Enrique. _9115340 |
|
| 810 | 0 | 0 |
_aCentro de Investigaciones Biológicas del Noroeste. _bPrograma de Agricultura en Zonas Aridas _921117 |
| 830 | 0 | 0 |
_aPublicación de Transferencia y Divulgación _v; 3 _992755 |
| 901 | _aBK | ||
| 905 | _aAlejandra Carrasco M. | ||
| 942 | _cFOLL | ||
| 949 |
_aFolleto 16428 _bBC _cFOLL _d33724002010629 _eTS1 _i97164 _sb |
||
| 999 |
_c85653 _d85653 |
||